Welshy Welsh quiz about Welshy Wales. - Statistics

General Stats
  • This quiz has been taken 92 times
  • The average score is 12 of 15
Answer Stats
Hint Answer % Correct
Capital City. Cardiff
100%
Patron Saint. St. David
99%
Vegetable often associated with Wales. Leek
97%
Wales is famous for having a lot of these animals. Sheep
97%
Home colour traditionally worn by most Welsh national sports teams. Red
96%
National sport. Rugby Union
96%
His hits include; "Delilah" and "Sex bomb". Sir Tom Jones
96%
National flower. Daffodil
92%
Most common surname in Wales. Jones
90%
When translated in to English, the title of the Welsh national anthem is: "Land of my_____". Fathers
85%
This Welsh word, is commonly used to mean "hug" or "cuddle". But could also mean "cupboard". Cwtch
78%
Welsh poet whose works include: "Do not go gentle into that good night" and "And death shall have no dominion". Dylan Thomas
67%
Oldest football (soccer) club in Wales, founded in 1864. Wrexham A.F.C.
59%
This actor was born in Haverfordwest to English parents in 1974. Has starred in films such as; "American Psycho" and "Batman Begins". Christian Bale
50%
Sir Anthony Hopkins was born here. Port Talbot
31%
No matching quizzes found
Score Distribution
Percent of People with Each Score
Percentile by Number Answered
Your Score History
You have not taken this quiz